000 00368 a2200169 4500
001 50516
020 _a8574884707
040 _cAnchieta - Bela Vista
100 _aMagalhães, Elsa Pestana
240 1 0 _aA história do Brasil
_lpor
245 1 0 _aA história do Brasil
300 _a115
362 0 _a2005
440 1 _aGirassol
650 4 _aBrasil
942 _cBK
999 _c50516
_d50516